[Event "Sinquefield Cup 3rd"]
[Site "Saint Louis"]
[Date "2015.08.31"]
[Round "8"]
[White "So, Wesley"]
[Black "Topalov, Veselin"]
[Result "1/2-1/2"]
[WhiteElo "2779"]
[BlackElo "2816"]
[PlyCount "100"]
[EventDate "2015.08.23"]
[EventType "tourn"]
[EventRounds "9"]
[EventCountry "USA"]
[EventCategory "22"]
[SourceTitle "CBM 168"]
[Source "ChessBase"]
[SourceDate "2015.09.14"]
[SourceVersion "1"]
[SourceVersionDate "2015.09.14"]
[SourceQuality "1"]

1. d4 Nf6 2. c4 e6 3. Nc3 Bb4 4. e3 O-O 5. Nge2 d5 6. a3 Bd6 7. c5 Be7 8. b4 b6
9. Bb2 a5 10. Nf4 axb4 11. axb4 Rxa1 12. Qxa1 Nc6 13. Nd3 bxc5 14. bxc5 Ne4 $6
{Topalov mentioned that this move was not good.} (14... Bb7 {followed by} 15.
Be2 Qd7 16. O-O Ra8 17. Qc1 Ba6 {close to equal.}) 15. Be2 Bd7 16. f3 Nxc3 17.
Bxc3 {Black is suffering here slightly.} Qa8 18. Kd2 Rb8 19. Qxa8 (19. Rb1 $1 {
keeping some pressure.}) 19... Rxa8 20. Ra1 Rxa1 21. Bxa1 Kf8 22. Bc3 Ke8 23.
g4 g6 24. f4 h6 25. h3 Bf6 26. Bf3 Bc8 {White is still better thanks to his
space advantage but it is difficult to create any kind of play. Wesley tried
to maneuver around for a long time, but was unable to create something.} 27.
Bd1 Bd7 28. Ne1 Na7 29. Ba5 Bd8 30. Nf3 {The position is so locked up. The
players actually blitzed out many moves, as there is not much going on. So
needs to create some pawn break to do anything but it seems almost impossible
to find.} Bb5 31. Bc3 Nc6 32. Ke1 Nb8 33. Bc2 Nd7 34. Ba5 Nf6 35. g5 hxg5 36.
fxg5 Nd7 37. h4 Nb8 38. Ne5 Nc6 39. Nxc6 Bxc6 40. Kf2 Kd7 41. Kg3 Be7 42. Kf4
Bb5 43. Ke5 c6 44. Bd1 Bd3 45. Bb6 Bf1 46. Ba7 Bd3 47. Bb8 Bb1 48. Bd6 Bd8 49.
Bb8 Bd3 50. Bd6 Bb1 {There is simply nothing to do here in this position.}
1/2-1/2

[Event "USA tt"]
[Site "ICC INT"]
[Date "2015.10.20"]
[Round "9"]
[White "So, Wesley"]
[Black "Sadorra, Julio Catalino"]
[Result "0-1"]
[WhiteElo "2767"]
[BlackElo "2501"]
[Annotator "Sadorra,J"]
[PlyCount "110"]
[EventDate "2015.08.25"]
[EventType "team-swiss"]
[EventRounds "10"]
[EventCountry "USA"]
[SourceTitle "CBM 170"]
[Source "ChessBase"]
[SourceDate "2016.01.15"]
[SourceVersion "1"]
[SourceVersionDate "2016.01.15"]
[SourceQuality "1"]
[WhiteTeam "Minnesota"]
[BlackTeam "Dallas"]
[WhiteTeamCountry "USA"]
[BlackTeamCountry "USA"]

{This game was played on board 1 of the US Chess League match between the
"Minnesota Blizzards" and "Dallas Destiny." It is always tough to prepare
against top players like Wesley as they have a wide opening repertoire, but
since I had limited time to prepare, I simply tried to predict which opening
he'd choose and focused on it. Fortunately, I predicted correctly!} 1. e4 e6 2.
d4 d5 3. Nc3 Nf6 4. e5 Nfd7 5. f4 c5 6. Nf3 Nc6 7. Be3 Be7 8. Qd2 O-O 9. dxc5
Bxc5 10. O-O-O Qa5 11. a3 {This known to be the killer idea against 9...Bxc5
as shown by Negi's book and in recent tournament practice including Wesley's
win over Meier.} Be7 $5 {I decided to prepare a sideline that doesn't give
White what he wants, and that my opponent didn't have any experience with.} ({
The popular and normal line goes} 11... Rb8 12. Bxc5 Nxc5 13. Qe3 $1 {
preventing the harmonious development of Black's queenside attack. Here are
some recent games showing the difficulties Black is facing:} Bd7 (13... Qb6 14.
Qe1 $5 ({or simply} 14. Nd4 Bd7 15. Kb1 $14 {followed by a kingside pawn storm.
Black's queenside pawns aren't rolling anytime soon which makes his position
unpleasant to play.}) 14... f5 15. exf6 Rxf6 16. g3 Bd7 17. b4 $1 Nxb4 18. axb4
Qxb4 19. Nb1 Qb6 20. Rd4 a5 21. Qc3 Rc8 22. Qb2 Nb3+ 23. Kd1 e5 24. Rxd5 Bg4
25. Be2 Bxf3 26. Bxf3 Nd4 27. Qa2 Kh8 28. Be4 exf4 29. Bd3 f3 30. Kd2 Nc6 31.
Rf1 {1-0 (31) Palac,M (2576)-Jerez Perez,A (2406) Schwarzach AUT 2015}) 14. f5
$1 ({or taking a prophylactic measure first with} 14. Kb1 Rfc8 {then} 15. f5 $1
) 14... exf5 15. Rxd5 $16 b6 16. Bb5 Rbc8 17. Nd2 Nxe5 18. Bxd7 Nexd7 19. Nc4
Qa6 20. Nd6 Rcd8 21. Nxf5 Nf6 22. Rxd8 Rxd8 23. Nxg7 Qc8 24. Rf1 Ng4 25. Qg5 f6
26. Rxf6 Nxf6 27. Nh5+ Kf7 28. Qxf6+ Ke8 29. Qg7 Rd6 30. Nf6+ {1-0 (30) Guerra
Mendez,J (2523)-Jerez Perez,A (2398) Barcelona ESP 2015}) (11... a6 12. Bxc5
Nxc5 13. Qe3 $1 {etc.}) 12. Kb1 {A typical useful move} ({In my preparation,
one of the lines I examined was the natural-looking} 12. Nd4 {and I planned to
meet it with a typical manoeuvre in French/Caro structures.} Nxd4 13. Bxd4 Nb8
$1 {I think the first time I saw this idea was from the game in
Szelag-Radjabov 1999, where Black was almost winning after Nd7-b8!} 14. Bf2 Nc6
15. Ne2 Qxd2+ 16. Rxd2 Bd7 {then I studied this possible ending a little bit
more to learn the best plan for Black. Overall Black is fine:} 17. Nd4 Nxd4 18.
Bxd4 a5 $1 $11 {preventing b4 before playing b5.}) ({I also prepared against
Negi's recommended attacking idea:} 12. h4 a6 $6 (12... f6 $5 {I believe this
is the best way to meet White's kingside aggression}) 13. Bd3 b5 $2 (13... Nc5
14. Kb1 Qc7 15. g4 b5 16. Ng5 $40) 14. Bxh7+ Kxh7 15. Ng5+ Kg8 16. Qd3 g6 (
16... f5 17. Nxd5 $1) 17. h5 $18) 12... Rd8 {A useful waiting move.} (12... Rb8
$6 {this straightforward approach is not so effective after} 13. Nd4 Nxd4 14.
Bxd4 {and I cannot use the Nb8-c6 idea} b5 $4 15. Nxd5 $18) (12... a6 $6 {
almost works but it creates weaknesses that he can exploit:} 13. Nd4 Nxd4 14.
Bxd4 Nb8 $6 15. Qf2 $1 $16 {and White has a strategically won position.} (15.
Qe3 $1)) 13. Nd4 Nxd4 14. Bxd4 Nb8 $5 {I didn't see anything concretely wrong
with this idea so I played the previous 2 moves relatively quickly. After this
move, he spent a good amount of time - revealing that he was not familiar with
this idea or line of play.} 15. Bf2 Nc6 16. Qe1 Rb8 {I didn't see any real
threat created by this move so went ahead with my plan without hesitation.} 17.
Nb5 Qxe1 18. Rxe1 a6 19. Nd4 Nxd4 20. Bxd4 Bd7 {By this time, I was already
ahead by about 30 min on the clock and I kept up this pace because I thought
the position simply required natural moves.} 21. c3 {Played after a few
minutes, wand I think it subtly creates a positional threat.} Bb5 ({if I had
delayed it like say} 21... Rdc8 22. Bd3 Bb5 23. Bc2 {his bishop escapes trade
which could greatly help his future kingside play. Therefore after checking
that I could sufficiently defend the resulting weakening of my b-pawn, I went
for it.}) 22. Bxb5 axb5 23. Rhf1 Rdc8 24. Rd1 Ra8 ({At first I wanted to play} 
24... Bc5 {but I didn't see a need to force it, so I decided to stay flexible.}
) 25. f5 Bc5 26. Bxc5 Rxc5 27. Rd4 {A surprise as it gives me an option, which
I thought was good to take considering that the positions which arise after
fxe6 seem unpleasant.} ({In his thinking time, I was calculating the position
after} 27. fxe6 fxe6 28. Rd4 Rf8 (28... Rc4 29. Kc2 {I was unsure about this
mainly because my king will have a difficult time joining play on the
queenside.}) 29. Rxf8+ Kxf8 30. Rb4 (30. Ka2 Rc4 31. Rxc4 bxc4 32. a4 Ke7 33.
Ka3 Kd7 34. Kb4 Kc6 {and I should be able to hold with accurate play}) (30. Kc2
Rc4 31. b3 Rxd4 32. cxd4 b4 $1 33. axb4 b5 $11) 30... Ke7 31. a4 Kd7 32. axb5
Kc7 33. b6+ Kc6 34. Kc2 Rc4 $11 {seems like a draw still} (34... Rb5 35. Rf4))
27... exf5 $1 {Going after active play/defence.} 28. Rxf5 Re8 29. Kc2 g6 {
For once I didn't overthink and played this move soon as I saw I could create
enough counterplay on the c-file after a later b2-b4.} 30. Rf6 Rxe5 31. Rb6 Re7
32. b4 Rc6 33. Rxb5 Rec7 34. Kb2 ({Here, I prepared to meet} 34. Rd3 {with} d4
35. Rc5 Rxc5 36. bxc5 Rxc5 37. Rxd4 Rc7 {which is objectvely equal, but I was
already trying to work out how to push my kingside majority in this position
while he was thinking. Part of my strategy is to get him in time pressure him
as he had only 27 min on the clock.}) 34... Rxc3 35. Rd2 Re3 36. Rbxd5 Rcc3 37.
Ra5 {Once again he doesn't have any real threat, and I felt that he has
overextended himself. While trying to come up with a way to make progress, an
idea from a recent game came to me. Black to play...} h5 $1 38. Ra7 h4 $1 {
This rook pawn push was inspired by Magnus's 31.a4-32.a5-33.a6 against Dennis
Wagner in this year's World Rapid Championship!} 39. Rf2 Rb3+ {Maybe I
should've played this earlier.} 40. Ka2 {Here, I honestly was tempted to force
a draw as we already had a favourable team score, but I decided to keep up the
tension a little bit more as he was low on time and I cannot really lose this :
)} Kg7 41. h3 g5 {Once again preparing for a possible pawn-race.} 42. Rxb7 {
Played after 5 min thought - now he only had about 7 minutes left.} Rxa3+ 43.
Kb2 Reb3+ 44. Kc2 Ra2+ 45. Kxb3 Rxf2 46. b5 Rxg2 47. b6 Rg1 {I intuitively
thought it's helpful to lure the king farther from the b-pawn first.} 48. Kc2
Re1 49. Rd7 Re6 50. b7 Rb6 51. Kd3 $6 {Played quickly, after a few seconds.
Maybe still not losing, but a step in the wrong direction.} ({But I think he
should be able to draw after} 51. Kc3 Rb1 52. Kc4 g4 (52... Kg6 53. Kc5 f6 54.
Kc6) 53. hxg4 h3 54. Rd3 h2 55. Rh3 Rxb7 56. Rxh2 $11) 51... g4 $1 52. hxg4 h3
53. Rd5 $2 ({I think he can still draw with} 53. Kc2 h2 54. Rd1 Rxb7 55. Rh1
Ra7 56. Kb3 {but maybe he's already psychologically or emotionally disturbed
after seeing g5-g4.}) 53... Rxb7 54. Rh5 $4 {Once again a ghost threat. And
after using my time to calculate & confirm what I felt was the right idea, I
went for it!} ({I believe a draw can still be achieved with a zwischenschach} 
54. Rg5+ $1 Kf6 55. Rh5 Rb2 56. Ke4 h2 57. Kf4 {and I don't see a way for me
to make progress.}) 54... Rb6 (54... Rb8 $2 55. Ke4 Rh8 56. Rxh8 Kxh8 57. Kf3
$11) 55. g5 Rb8 {and White resigned as the resulting pawn ending is a simple
win for Black.} 0-1

[Event "Las Vegas Millionaire op playoff-A"]
[Site "Las Vegas"]
[Date "2015.10.11"]
[Round "5.1"]
[White "Shimanov, Aleksandr"]
[Black "So, Wesley"]
[Result "0-1"]
[WhiteElo "2593"]
[BlackElo "2760"]
[PlyCount "58"]
[EventDate "2015.10.11"]
[EventType "tourn (rapid)"]
[EventRounds "5"]
[EventCountry "USA"]
[EventCategory "18"]
[SourceTitle "CBM 168 Extra"]
[Source "ChessBase"]
[SourceDate "2015.10.29"]
[SourceVersion "1"]
[SourceVersionDate "2015.10.29"]
[SourceQuality "1"]

1. d4 Nf6 2. c4 e6 3. Nc3 Bb4 4. e3 O-O 5. Bd3 d5 6. cxd5 exd5 7. Nge2 Re8 8.
Bd2 Bd6 9. Rc1 a6 10. O-O Nbd7 11. Ng3 b6 12. Nce2 c5 13. dxc5 bxc5 14. Bc3 Ne5
15. Bb1 Bb7 16. Nf4 d4 17. Bd2 Qb6 18. exd4 cxd4 19. Nd3 Nxd3 20. Bxd3 Bxg3 21.
hxg3 Be4 22. Bxe4 Nxe4 23. b3 Rad8 24. Rc4 d3 25. Be3 Qa5 26. Bd4 d2 27. Qc2
Nxg3 28. fxg3 Re1 29. Ra4 Qb5 0-1

[Event "Grand Slam Final 8th"]
[Site "Bilbao"]
[Date "2015.10.26"]
[Round "1"]
[White "So, Wesley"]
[Black "Ding, Liren"]
[Result "1-0"]
[WhiteElo "2760"]
[BlackElo "2782"]
[Annotator "Gormally,D"]
[PlyCount "119"]
[EventDate "2015.10.26"]
[EventType "tourn"]
[EventRounds "6"]
[EventCountry "ESP"]
[EventCategory "22"]
[SourceTitle "CBM 169"]
[Source "ChessBase"]
[SourceDate "2015.11.10"]
[SourceVersion "1"]
[SourceVersionDate "2015.11.10"]
[SourceQuality "1"]

{The Grand Slam Masters from the Catalonian port town of Bilbao may have only
featured four players and had many draws but the games were still interesting.
Here we see a battle between two of the biggest fighters in world chess,
Wesley So and Ding Liren.} 1. d4 Nf6 2. c4 g6 3. Nc3 Bg7 4. e4 d6 5. Nf3 O-O 6.
Be2 e5 7. O-O Nc6 8. d5 Ne7 9. Ne1 Nd7 10. Be3 f5 11. f3 f4 12. Bf2 g5 13. Rc1
Ng6 ({Black can also decline the pawn sacrifice, as in} 13... Nf6 14. c5 Ng6
15. Nd3 Rf7 {as in Smirnov,P (2626)-Ipatov,A (2177) Izhevsk 2014  Although
this way of playing is not so popular for Black, as White has an easy route to
the queenside, Black still retains the usual counterplay on the other wing
with moves like ...h5 and ...g4, etc.  Note this isn't the famous Alexander
Ipatov who plays for Turkey and has just dropped a ton of points! It's someone
else. Or A Ipatov "B" as FIDE describes him.}) 14. c5 Nxc5 (14... dxc5 $6 {
gave White even more obvious compensation after} 15. Nd3 b6 16. b4 $1 cxb4 17.
Nb5 $1 Nf6 18. Nxc7 Rb8 19. Nxb4 {when the Black queenside was shredded in
Kaufman,L (2410)-Casella,M (2345) USA 1998. I always feel, even with my
limited knowledge of the King's Indian, that Black should hold on to this
d6-e5 structure as long as possible.}) 15. b4 Na6 16. Nd3 h5 17. Nb5 b6 (17...
Bd7 {was the choice of Gazza.} 18. a4 Bh6 19. Rc3 b6 20. Be1 Rf7 21. Nf2 Nh4 $1
22. Nxd6 $1 cxd6 23. Bxa6 Qe8 24. Qe2 g4 25. fxg4 Rg7 26. h3 Qg6 {where
objectively Black didn't have enough for the pawn although the game was later
drawn in Piket,J (2640)-Kasparov,G (2795) Linares 1997.}) 18. Be1 Rf7 19. Bd2 (
19. Nf2 $5 {is a more common alternative, holding up Black's intended ...g4
lunge for as long as possible.}) 19... Bf6 ({Ding's choice looks slightly more
natural than the alternative} 19... Bh6 {which was played in a correspondence
game;} 20. Nf2 Rg7 21. h3 Nf8 22. Qa4 Nh7 23. Nd4 Nb8 24. Ne6 Bxe6 25. dxe6 {
when White was clearly better in Munoz Moreno,F (2390)-Winkler,T (2631) ICCF
email 2007.}) 20. Nf2 Qe8 21. Qa4 Bd8 22. Qa3 g4 $1 {Of course, Black must
commit.} (22... Nb8 $2 23. Nxd6 $1) 23. fxg4 hxg4 24. Nc3 (24. Nxg4 $2 Bxg4 25.
Bxg4 Qxb5 26. Be6 Kg7 27. Bxf7 Kxf7 $19) 24... Nxb4 ({Black is rather commited
to giving up the piece as the passive} 24... Nb8 25. Nxg4 {gives Black no
compensation for the pawn.}) 25. Qxb4 f3 $1 {But in return for the piece he
has considerable play on the kingside - the pawn wedge on f3 is very dangerous
for White.} 26. Bb5 Qe7 ({An interesting possibility was} 26... Qf8 $1 27. g3
Rh7 ({even the immediate} 27... Nf4 {isn't ridiculous}) 28. Nd3 Nf4 $1 {
trying to sharpen up the game to the maximum.} 29. Bxf4 $1 (29. gxf4 Qh6 30.
Kf2 (30. Rf2 g3 $1) 30... Qxh2+ 31. Ke3 exf4+ 32. Nxf4 Bg5 {looks too
dangerous for White - the pawns on f3 and g4 are especially strong.} 33. Kd3
Bxf4 $17) 29... exf4 30. gxf4 Qh6 31. Qb2 Qh3 $1 {with a real mess.}) 27. g3
Rh7 28. Qc4 Rh8 29. Qc6 Qh7 30. h3 Rb8 31. Ncd1 a6 $6 {Too slow. Ding even
misassesses or misses altogether the queen sac that follows.} ({Once again,
the dynamic knight lunge} 31... Nf4 $1 {suggests itself. (It's funny how often
an unexpected knight move can change the character of a position.)} 32. gxf4 (
32. Bxf4 exf4 {and the black pawns on the kingside are starting to resemble an
armada}) (32. Qe8+ Kg7 33. Rxc7+ Bxc7 34. Qe7+ Kg8 (34... Kg6 $2 35. Qxh7+ Rxh7
36. gxf4 g3 37. f5+ $1 Kf7 38. Ng4 {makes a big difference as the black
kingside pawns are falling}) 35. Qxh7+ {would be a rather desperate an
unnecessary bail-out into an ending;} (35. Qe8+ $11) 35... Rxh7 36. gxf4 g3 $1
{however rather favours Black}) 32... Qh4 $1 33. Kh1 Qg3 34. Qe8+ (34. Ne3
Rxh3+ 35. Nxh3 Qxh3+ 36. Kg1 Qg3+ $11) 34... Kg7 35. Qxh8+ $1 Kxh8 36. Rg1 Qh4
37. Kh2 exf4 38. Nxg4 Bf6 39. Be1 Qh7 40. Rxc7 Qxc7 41. Nxf6 Qc2+ 42. Nf2 Bxh3
43. Kxh3 {is a long and complex line which favours White, but still this is
preferable to what occurred in the game and would have put So under pressure
to find these "only moves"}) 32. Qe8+ Kg7 33. Qxd8 $1 Rxd8 34. Rxc7+ Bd7 35.
Rxd7+ Rxd7 36. Bxd7 $18 {By sacrificing his queen Wesley has completely
defused his opponent's initiative. Black's remaining pieces now look rather
helpless as White has all the time in the world to build up his own attack.}
gxh3 37. Kh2 ({The straightforward} 37. Nxh3 {was even stronger, but in any
case White's choice was good enough.} Rd8 38. Bf5 {intending Ng5-e6}) 37... Rb7
38. Be6 Nf8 39. Bf5 Qh5 40. Ng4 Nd7 41. Bh6+ Kh8 42. Nde3 Rc7 43. Bxd7 Rxd7 44.
Rxf3 Rf7 45. Rf5 Rxf5 46. exf5 Qf7 47. Bg5 b5 48. Nh6 Qf8 49. f6 ({Even some
slow way of playing with} 49. Kxh3 {should be good enough but Wesley
calculates to the finish and decides to go straight for the kill.}) 49... Kh7
50. Nef5 Kg6 51. Bh4 e4 52. f7 e3 53. Be7 e2 (53... Qxf7 54. Nxf7 e2 55. Nh4+
$1 {is the neat point.}) 54. Nh4+ Kh7 55. Bxf8 e1=Q 56. Bxd6 Qf2+ 57. Kxh3 Qf1+
58. Kg4 Qc4+ 59. Bf4 Qe2+ 60. Nf3 1-0

[Event "Grand Slam Final 8th playoff"]
[Site "Bilbao"]
[Date "2015.11.01"]
[Round "1"]
[White "So, Wesley"]
[Black "Giri, Anish"]
[Result "1-0"]
[WhiteElo "2767"]
[BlackElo "2778"]
[PlyCount "86"]
[EventDate "2015.11.01"]
[EventType "match (blitz)"]
[EventRounds "2"]
[EventCountry "ESP"]
[SourceTitle "CBM 169"]
[Source "ChessBase"]
[SourceDate "2015.11.10"]
[SourceVersion "1"]
[SourceVersionDate "2015.11.10"]
[SourceQuality "1"]

1. d4 d5 2. c4 c6 3. Nc3 Nf6 4. cxd5 cxd5 5. Bf4 Nc6 6. e3 Bg4 7. Qb3 Na5 8.
Qa4+ Bd7 9. Qc2 e6 10. Bd3 Bb4 11. Nge2 O-O 12. f3 Rc8 13. O-O h6 14. Bg3 Nc4
15. Bf2 Re8 16. a3 Bf8 17. Rfc1 b5 18. Rd1 a5 19. Qb1 Qc7 20. a4 bxa4 21. Nxa4
Qb8 22. Nec3 Nxb2 23. Qxb2 Qxb2 24. Nxb2 Rxc3 25. Be1 Rb3 26. Na4 Bxa4 27. Rxa4
Bb4 28. Bxb4 axb4 29. Kf2 Rb2+ 30. Kf1 Rc8 31. Raa1 Kf8 32. Rab1 Rxb1 33. Rxb1
Rb8 34. Ke2 Ke7 35. Kd2 Nd7 36. Kc2 e5 37. Ra1 exd4 38. exd4 Nf8 39. Ra7+ Kf6
40. Ra5 Ne6 41. Rxd5 b3+ 42. Kb2 Nf4 43. Bf1 Ra8 1-0